| 000 | 00527nam a22001931a 4500 | ||
|---|---|---|---|
| 001 | 11567 | ||
| 003 | OSt | ||
| 005 | 20260204212248.0 | ||
| 008 | 130116s2006||||dr ||||||b||||||||||spa|| | ||
| 020 | _a9945424130 | ||
| 050 | _aRD 395 R618i | ||
| 100 | _aRodriguez de Rosario, Yermire | ||
| 245 | _aIntroducción a los buenos Modales / Yermire Rodriguez de Rosario | ||
| 264 | _aRepública Dominicana : Talleres Bábaro | ||
| 300 | _a1214 P | ||
| 500 | _aIncluye indice | ||
| 650 | _aEtiqueta - ModalesÌ | ||
| 942 |
_2ddc _cBK |
||
| 999 |
_c11567 _d11567 |
||